Normal view
MARC view
- Vineeth V. R
Entry Personal Name
001 - CONTROL NUMBER
- control field: 3616
003 - CONTROL NUMBER IDENTIFIER
- control field: OSt
005 - DATE AND TIME OF LATEST TRANSACTION
- control field: 20181010104439.0
008 - FIXED-LENGTH DATA ELEMENTS
- fixed length control field: 181010|| aca||aabn | a|a d
040 ## - CATALOGING SOURCE
- Original cataloging agency: OSt
- Transcribing agency: OSt
100 ## - HEADING--PERSONAL NAME
- Personal name: Vineeth V. R
670 ## - SOURCE DATA FOUND
- Source citation: Work cat.: (OSt)15135: LAKSHMI P. D 3612, Temporal groundwater fluctuation analysis of K.C.A.E.T campus
